Estadísticas para Países de América del Norte

Haz click aquí para tomar la prueba!

Estadísticas generales

  • Esta prueba ha sido tomada 1.588 veces
  • La puntuación promedio es 16 de 23

Estadísticas de respuestas

País% Correcto
Estados Unidos
98%
Canadá
97%
México
97%
Cuba
86%
Panamá
83%
Costa Rica
82%
Guatemala
81%
Honduras
80%
El Salvador
77%
Haití
77%
Belice
76%
Jamaica
76%
Nicaragua
76%
República Dominicana
73%
Bahamas
67%
Trinidad y Tobago
58%
Dominica
56%
Antigua y Barbuda
55%
Barbados
54%
Santa Lucía
50%
Granada
44%
San Vicente y las Granadinas
44%
San Cristóbal y Nieves
42%

Distribución de puntuación

Porcentaje por número respondido

Porcentaje de gente con cada puntuación

Historial de tus puntuaciones

No has tomado esta prueba